[Event "Rubinstein Memorial-18"]
[Site "Polanica Zdroj"]
[Date "1980.08.18"]
[Round "11"]
[White "Schmidt, Wlodzimierz"]
[Black "Luczak, Andrzej"]
[Result "1/2-1/2"]
[WhiteElo "2505"]
[BlackElo "2430"]
[PlyCount "83"]
[EventDate "1980.08.06"]
[EventType "tourn"]
[EventRounds "13"]
[EventCountry "POL"]
[EventCategory "8"]
[SourceTitle "MCD"]
[Source "ChessBase"]
[SourceDate "1999.07.01"]
[SourceVersion "1"]
[SourceVersionDate "1999.07.01"]
[SourceQuality "1"]

1. d4 Nf6 2. c4 e6 3. Nf3 d5 4. Nc3 c5 5. cxd5 Nxd5 6. g3 Nc6 7. Bg2 Nxc3 8. bxc3 cxd4 9. cxd4 Bb4+ 10. Bd2 Bxd2+ 11. Qxd2 0-0 12. 0-0 Qd6 13. Rab1 Rb8 14. Rfd1 Rd8 15. e4 b6 16. d5 exd5 17. Qxd5 Qxd5 18. exd5 Na5 19. Ne5 Kf8 20. Rbc1 f6 21. Nf3 Bg4 22. h3 Bxf3 23. Bxf3 Rbc8 24. Rxc8 Rxc8 25. Bg4 Rd8 26. Rc1 Rxd5 27. Rc8+ Kf7 28. Rc7+ Kg6 29. Rxa7 Rd2 30. Be6 h5 31. h4 Kh6 32. Rc7 Rd6 33. Bf7 Nc6 34. Kg2 Ne5 35. Bb3 Kh7 36. Kf1 Kh6 37. Ke2 g6 38. f4 Nc6 39. Bg8 g5 40. Ke3 gxh4 41. gxh4 f5 42. Rb7 1/2-1/2

[Event "Lodz Makarczyk Memorial-03"]
[Site "Lodz"]
[Date "1980.??.??"]
[Round "9"]
[White "Kirov, Nino"]
[Black "Luczak, Andrzej"]
[Result "0-1"]
[WhiteElo "2455"]
[BlackElo "2430"]
[PlyCount "106"]
[EventDate "1980.04.??"]
[EventType "tourn"]
[EventRounds "15"]
[EventCountry "POL"]
[EventCategory "8"]
[SourceTitle "MCD"]
[Source "ChessBase"]
[SourceDate "1999.07.01"]
[SourceVersion "1"]
[SourceVersionDate "1999.07.01"]
[SourceQuality "1"]

1. Nf3 d5 2. g3 Nf6 3. Bg2 e6 4. 0-0 Be7 5. b3 0-0 6. Bb2 c5 7. c4 d4 8. e3 Nc6 9. exd4 cxd4 10. Re1 Bc5 11. d3 Re8 12. Ba3 Nd7 13. Bxc5 Nxc5 14. Ne5 Nxe5 15. Rxe5 Qd6 16. f4 a5 17. Nd2 Bd7 18. Ne4 Nxe4 19. Bxe4 Bc6 20. Qd2 Bxe4 21. Rxe4 b6 22. Qb2 Red8 23. a3 h6 24. Re5 Rac8 25. Rae1 Rc5 26. R5e4 Rf5 27. b4 axb4 28. axb4 g5 29. Re5 gxf4 30. Rxf5 exf5 31. Rf1 fxg3 32. Qg2 Kh8 33. hxg3 Rg8 34. Kh2 Rg5 35. Qh3 Kg7 36. Rxf5 Qxb4 37. Rxg5+ hxg5 38. Qf5 Qd2+ 39. Kh3 Qe3 40. Kg4 f6 41. Qd7+ Kh6 42. Qf5 Qe2+ 43. Kh3 Qh5+ 44. Kg2 Qe2+ 45. Kh3 Qe5 46. Qc8 Kg7 47. Qb7+ Kg6 48. Qa8 Qe6+ 49. Kg2 Qe2+ 50. Kg1 Kh5 51. c5 bxc5 52. Qh8+ Kg4 53. Qxf6 Qe1+ 0-1